| 000 | 00543nam a2200205Ia 4500 | ||
|---|---|---|---|
| 008 | 170918s9999 xx 000 0 und d | ||
| 020 | _a9780439148801 | ||
| 050 | _bB4535 2000 | ||
| 100 | _aBerger, Melvin | ||
| 245 | _aDo tornadoes really twist? | ||
| 245 | _cby Melvin Berger ; illustrated by Higgins Bond. | ||
| 260 | _aNew York : | ||
| 260 | _bScholastic, | ||
| 260 | _c2000 | ||
| 300 | _a48 pages : | ||
| 300 | _bcolored illustration ; | ||
| 300 | _c20cm. | ||
| 300 | _eScholastic question & answer series / | ||
| 500 | _a770 | ||
| 999 |
_c343225 _d343225 |
||